000 00349nam a22001697a 4500
003 UA-OsUOA
001 5032
007 ta
008 20050721b un ||||| |||| 00| 0 ukr d
100 _aGelbspan
700 _aRoss
942 _cBK
040 _aUA-OsUOA
_cUA-OsUOA
_dUA-OsUOA
245 _aThe Heat Is On.
_bFiction
955 _a2
650 7 _2UDC
999 _c291194
_d291194